000 01098naa a22002897a 4500
001 BR9100980
003 BR-BrBNA
005 20240918180640.0
007 ta
008 230509b bl.||||| |||| 00| 0 por d
040 _aBR-BrBNA
_bpor
_cBiblioteca Nacional de Agricultura
041 _a(Pt)
072 _aK10
_b3000
090 _aK10 BR9100980
100 1 _aHosokawa, R.T.
111 1 _aSimposio Bilateral Brasil-Finlandia sobre Atualidades Florestais
_cCuritiba, PR (Brazil)
_d16-22 Oct 1988
245 1 _aSistema de controle do manejo da producao florestal em reflorestamentos
260 3 _aCuritiba, PR (Brasil):
_c1988.
500 _aSimposio Bilateral Brasil-Finlandia sobre Atualidades Florestais Curitiba, PR (Brasil): 1988. p. 167-173 (BR9100980-AM)K10
650 _aARVORE FLORESTAL
650 _aREFLORESTAMENTO
650 _aMANEJO
650 _aPLANEJAMENTO FLORESTAL
773 0 _tSimposio Bilateral Brasil-Finlandia sobre Atualidades Florestais
_wK10 BR9100980
_gCuritiba, PR (Brasil), 1988. p. 167-173
909 _a202404
_bLucia
_c55
_dLucia Elande
942 _cAM
_2AGRIS
999 _c321484
_d321484